5HLuxD.jpg

KING HENRY VIII SENIOR AND PRIMARY SCHOOL LIBRARY OPAC

Nightshade / (Record no. 3724)

000 -LEADER
fixed length control field 00835nam a22002537a 4500
003 - CONTROL NUMBER IDENTIFIER
control field OSt
005 - DATE AND TIME OF LATEST TRANSACTION
control field 20241003095554.0
008 - FIXED-LENGTH DATA ELEMENTS--GENERAL INFORMATION
fixed length control field 241003b ||||| |||| 00| 0 eng d
020 ## - INTERNATIONAL STANDARD BOOK NUMBER
International Standard Book Number 9781406390629
040 ## - CATALOGING SOURCE
Transcribing agency KH8
082 ## - DEWEY DECIMAL CLASSIFICATION NUMBER
Classification number FIC HOR
100 ## - MAIN ENTRY--PERSONAL NAME
Personal name Horowitz, Anthony,
Dates associated with a name 1955-
Relator term author.
245 ## - TITLE STATEMENT
Title Nightshade /
Remainder of title Anthony Horowitz.
260 ## - PUBLICATION, DISTRIBUTION, ETC.
Place of publication, distribution, etc. London;
Name of publisher, distributor, etc. Walker Books Ltd,
Date of publication, distribution, etc. 2021.
300 ## - PHYSICAL DESCRIPTION
Extent 380 pages:
Dimensions 20 cm.
490 ## - SERIES STATEMENT
Series statement Alex Rider
Volume/sequential designation bk. 13
520 ## - SUMMARY, ETC.
Summary, etc. Alex Rider is sent by MI6 Special Operations to infiltrate a new and sinister organisation known only as Nightshade. Alex is on his own, with the fate of thousands of people resting in his hands
650 ## - SUBJECT ADDED ENTRY--TOPICAL TERM
Topical term or geographic name entry element Adventure
650 ## - SUBJECT ADDED ENTRY--TOPICAL TERM
Topical term or geographic name entry element Adventure and mystery stories
650 ## - SUBJECT ADDED ENTRY--TOPICAL TERM
Topical term or geographic name entry element Spy fiction
650 ## - SUBJECT ADDED ENTRY--TOPICAL TERM
Topical term or geographic name entry element Spy stories
830 ## - SERIES ADDED ENTRY--UNIFORM TITLE
Uniform title Alex Rider
942 ## - ADDED ENTRY ELEMENTS (KOHA)
Source of classification or shelving scheme
Koha item type Books - Fiction
Holdings
Withdrawn status Lost status Source of classification or shelving scheme Damaged status Not for loan Collection code Permanent Location Current Location Shelving location Date acquired Full call number Barcode Date last seen Price effective from Koha item type
          Fiction KH8 Senior School Library KH8 Senior School Library Fiction 2024-10-03 FIC HOR 3KHSL000102066 2024-10-03 2024-10-03 Books - Fiction

Powered By KH8 IT Dept